Manual práctico sobre artes y métodos de pesca artesanal
Salvato in:
| Autori principali: | , |
|---|---|
| Natura: | Libro |
| Lingua: | spagnolo |
| Pubblicazione: |
Mar del Plata
Instituto Nacional de Investigación y Desarrollo Pesquero
2011
|
| Soggetti: | |
| Tags: |
Aggiungi Tag
Nessun Tag, puoi essere il primo ad aggiungerne!!
|
MARC
| LEADER | 00000cam a2200000 a 4500 | ||
|---|---|---|---|
| 001 | UCF8163 | ||
| 003 | CL-VaPUC | ||
| 008 | 130802e20110000ag |||||||||||||||||spa|d | ||
| 020 | |a 9789871443055 | ||
| 082 | 0 | 4 | |a 639.2 |b IZZ |2 21 |
| 100 | 0 | |a Izzo, Alfonso |e author |9 570247 | |
| 700 | 0 | |a Bartozzetti, Juan D |e author |9 570248 | |
| 245 | 1 | 0 | |a Manual práctico sobre artes y métodos de pesca artesanal |
| 300 | |a 67 p | ||
| 942 | |c BK | ||
| 945 | |d 20130802 12:08:00 |a dcastane | ||
| 260 | |a Mar del Plata |b Instituto Nacional de Investigación y Desarrollo Pesquero |c 2011 | ||
| 650 | 0 | |a Pesca artesanal |9 261256 | |
| 650 | 7 | |a BARCOS PESQUEROS |2 CL-VaPUC |9 260861 | |
| 583 | |a last modification |c 20130802 12:08:00 |k Rodrigo Vera | ||
| 999 | |c 352806 |d 352804 | ||
| 952 | |0 0 |1 0 |4 0 |6 639_200000000000000_IZZ_2011 |7 0 |8 CCM |9 457480 |a BIBCUR |b BIBCUR |d 2019-11-22 |i 499132K |o 639.2 IZZ 2011 |p 499132K |r 2025-04-22 |w 2019-11-22 |y BK |k CIM | ||